000 00461nam a2200181Ia 4500
008 151202s9999||||xx |||||||||||||| ||und||
082 _bPNVM-48588
100 _aARORA BOOK COMPANY.
245 _aPOPULAR FOLK TALES OF INDIA.
260 _b---
260 _c0
300 _a232
600 _aARORA BOOK COMPANY.
630 _aPOPULAR FOLK TALES OF INDIA.
700 _aARORA BOOK COMPANY.
730 _aPOPULAR FOLK TALES OF INDIA.
942 _cBOOK
999 _c1314534
_d1314531